[Event "80th Tata Steel GpA"]
[Site "Wijk aan Zee NED"]
[Date "2018.01.13"]
[Round "1.2"]
[White "Giri, Anish"]
[Black "Hou, Yifan"]
[Result "1-0"]
[WhiteTitle "GM"]
[BlackTitle "GM"]
[WhiteElo "2752"]
[BlackElo "2680"]
[WhiteFideId "24116068"]
[BlackFideId "8602980"]
[EventDate "2018.01.13"]

1. e4 e5 2. Nf3 Nf6 3. Nxe5 d6 4. Nf3 Nxe4 5. Nc3 Nxc3 6. dxc3 Be7 7. Be3 Nc6 8.
Bd3 Be6 9. Qe2 Bf6 10. O-O-O Qe7 11. Kb1 a6 12. Rhe1 O-O-O 13. h3 Rhe8 14. g4 h6
15. Nd2 Bg5 16. f4 Bh4 17. Bf2 Bxf2 18. Qxf2 Qf8 19. f5 Bd7 20. f6 g6 21. Be4
Kb8 22. Nc4 Re6 23. Bxc6 Rxe1 24. Rxe1 Bxc6 25. Na5 Re8 26. Nxc6+ bxc6 27. Qg3
Qh8 28. Re7 Rxe7 29. fxe7 Qe8 30. Qe3 Kc8 31. h4 Kd7 32. Qxh6 Qxe7 33. b3 Qe4
34. g5 Qe5 35. Qf8 Qd5 36. Kb2 c5 37. Qg8 Qf3 38. Qf8 Qd5 39. Qg7 Qf5 40. Qg8
Qf3 41. a4 Qf1 42. Qf8 Qf5 43. Qa8 Qf1 44. Qe4 Kd8 45. Qg4 d5 46. a5 Qe1 47. h5
gxh5 48. Qxh5 Qe6 49. Qh8+ Ke7 50. b4 cxb4 51. cxb4 Kd7 52. Qd4 Kc8 53. Qf6
Qxf6+ 54. gxf6 Kd7 55. Kb3 Kc6 56. c4 d4 57. Kc2 Kd6 58. Kd2 c6 59. Ke2 Kd7 60.
Kd3 Kc7 61. Kxd4 Kd6 62. Kd3 Kc7 63. Ke4 Kd6 64. Kd4 1-0

[Event "80th Tata Steel GpA"]
[Site "Wijk aan Zee NED"]
[Date "2018.01.14"]
[Round "2.3"]
[White "Matlakov, Maxim"]
[Black "So, Wesley"]
[Result "1/2-1/2"]
[WhiteTitle "GM"]
[BlackTitle "GM"]
[WhiteElo "2718"]
[BlackElo "2792"]
[WhiteFideId "4168003"]
[BlackFideId "5202213"]
[EventDate "2018.01.13"]

1. d4 Nf6 2. c4 e6 3. g3 d5 4. Bg2 dxc4 5. Nf3 Nc6 6. Qa4 Bb4+ 7. Bd2 Nd5 8.
Bxb4 Nxb4 9. Nc3 Bd7 10. O-O a5 11. Qd1 O-O 12. e3 a4 13. Nxa4 Nxd4 14. Qxd4
Bxa4 15. Qxc4 Qe7 16. a3 Nd5 17. Rfc1 Rfc8 18. b3 Bc6 19. Nd4 Rxa3 20. Nxc6 bxc6
21. Qxc6 Rxa1 22. Rxa1 Nf6 23. Rc1 h5 24. Bf3 Rb8 25. Qxc7 Qxc7 26. Rxc7 Rxb3
27. Rc8+ Kh7 28. Rc7 Kg8 29. Rc8+ Kh7 30. Rc7 Kg8 1/2-1/2

[Event "80th Tata Steel GpA"]
[Site "Wijk aan Zee NED"]
[Date "2018.01.14"]
[Round "2.6"]
[White "Caruana, Fabiano"]
[Black "Jones, Gawain C B"]
[Result "1/2-1/2"]
[WhiteTitle "GM"]
[BlackTitle "GM"]
[WhiteElo "2811"]
[BlackElo "2640"]
[WhiteFideId "2020009"]
[BlackFideId "409561"]
[EventDate "2018.01.13"]

1. d4 Nf6 2. c4 g6 3. Nc3 Bg7 4. e4 d6 5. h3 O-O 6. Be3 e5 7. d5 Na6 8. g4 Nc5
9. f3 h5 10. Qd2 Nh7 11. O-O-O h4 12. Bd3 Nxd3+ 13. Qxd3 f5 14. Rh2 Kh8 15. Rg2
Bd7 16. exf5 gxf5 17. g5 f4 18. Bf2 Qe8 19. Ne4 Bf5 20. Bxh4 Qh5 21. Bf2 Bxe4
22. fxe4 Nxg5 23. Rg4 Nh7 24. Nf3 Bf6 25. c5 Rg8 26. Rdg1 Qh6 27. Qf1 Be7 28.
Kc2 Nf6 29. Ng5 Raf8 30. Ne6 Qh7 31. Rh4 Nh5 32. Nxf8 Rxf8 33. Rhg4 Qxe4+ 34.
Qd3 Qxd3+ 35. Kxd3 e4+ 36. Kc4 dxc5 37. Bxc5 Bxc5 38. Kxc5 Ng3 39. Rh4+ Kg7 40.
Kd4 Rf5 41. Rxf4 Rxf4 42. Rxg3+ Kf6 43. Rb3 c6 44. Rxb7 cxd5 45. Kxd5 e3 46. Rb3
Rf2 47. Rxe3 Rxb2 48. a4 Rb7 49. h4 Rd7+ 50. Kc5 Rh7 51. Re4 Rh5+ 52. Kd6 Kf7
53. Re7+ Kg8 54. Re4 Kf7 55. Rf4+ Ke8 56. Kc7 Ke7 57. Re4+ Kf6 58. Kb7 Rh7+ 59.
Ka6 Kf5 60. Rb4 Ke6 61. a5 Kd6 62. Rf4 Rh5 63. Rg4 Kc6 64. Rb4 Rh7 65. Rc4+ Kd6
66. Rc1 Rxh4 67. Kxa7 Ra4 68. a6 Rb4 69. Ka8 1/2-1/2

[Event "80th Tata Steel GpA"]
[Site "Wijk aan Zee NED"]
[Date "2018.01.15"]
[Round "3.3"]
[White "Jones, Gawain C B"]
[Black "Adhiban, Baskaran"]
[Result "1-0"]
[WhiteTitle "GM"]
[BlackTitle "GM"]
[WhiteElo "2640"]
[BlackElo "2655"]
[WhiteFideId "409561"]
[BlackFideId "5018471"]
[EventDate "2018.01.13"]

1. e4 e6 2. d4 d5 3. Nd2 c5 4. exd5 Qxd5 5. dxc5 Qxc5 6. Ngf3 Nf6 7. Bd3 Nbd7 8.
Qe2 Qc7 9. c3 Be7 10. O-O b6 11. Ne4 O-O 12. Bg5 Bb7 13. Bh4 Qf4 14. Bg5 Qc7 15.
Rad1 Rfd8 16. Rfe1 Rac8 17. Bh4 Qf4 18. Bg3 Qg4 19. Nxf6+ Bxf6 20. Ba6 Bxa6 21.
Qxa6 Nc5 22. Rxd8+ Rxd8 23. Qxa7 Nd3 24. h3 Qc4 25. Rd1 h5 26. Qxb6 Qxa2 27. Ne5
Qxb2 28. Qc7 Rf8 29. Nd7 Qe2 30. Ra1 Qb2 31. Ra7 Bd8 32. Qd6 Qb1+ 33. Kh2 Re8
34. Qc6 h4 35. Nf6+ Bxf6 36. Qxe8+ Kh7 37. Qxf7 hxg3+ 38. fxg3 Qb8 39. Qxf6 Qxa7
40. Qh4+ Kg8 41. Qd8+ Kf7 42. Qxd3 Qc5 43. h4 e5 44. g4 g6 45. Qf3+ Kg7 46. g5
Qc4 47. Qb7+ Kg8 48. Qb4 Qd5 49. Qb8+ Kf7 50. Qa7+ Ke6 51. Qa6+ Kf5 52. Kg3 Qd1
53. Qf6+ Ke4 54. Qf3+ Qxf3+ 55. gxf3+ 1-0

[Event "80th Tata Steel GpA"]
[Site "Wijk aan Zee NED"]
[Date "2018.01.16"]
[Round "4.7"]
[White "Caruana, Fabiano"]
[Black "So, Wesley"]
[Result "1/2-1/2"]
[WhiteTitle "GM"]
[BlackTitle "GM"]
[WhiteElo "2811"]
[BlackElo "2792"]
[WhiteFideId "2020009"]
[BlackFideId "5202213"]
[EventDate "2018.01.13"]

1. d4 Nf6 2. c4 e6 3. Nc3 Bb4 4. e3 O-O 5. Ne2 d5 6. a3 Be7 7. cxd5 exd5 8. Nf4
Re8 9. Bd3 Bd6 10. O-O Bxf4 11. exf4 Nc6 12. Be3 Ne7 13. Qc2 g6 14. f3 Bf5 15.
g4 Bxd3 16. Qxd3 Kg7 17. Rae1 Qd7 18. Bf2 h5 19. h3 c6 20. Ne2 hxg4 21. hxg4
Nfg8 22. Bh4 f5 23. Ng3 Rf8 24. Re5 Rf7 25. Qe2 Kf8 26. Re6 Rc8 27. b4 b6 28.
Re1 c5 29. bxc5 bxc5 30. dxc5 Qc7 31. Kg2 Qxc5 32. Qe5 fxg4 33. fxg4 d4 34. Qxc5
Rxc5 35. Ne4 Rc2+ 36. Kf3 Nd5 37. Bg5 Rh7 38. Nd6 d3 39. f5 Rh3+ 40. Ke4 d2 41.
Rf1 d1=Q 42. Rxd1 Nc3+ 43. Kd4 Nxd1 44. f6 Nxf6 45. Bxf6 Rd2+ 46. Kc5 Rc2+ 47.
Kd4 Rd2+ 48. Kc5 Rc2+ 1/2-1/2

[Event "80th Tata Steel GpA"]
[Site "Wijk aan Zee NED"]
[Date "2018.01.17"]
[Round "5.4"]
[White "Matlakov, Maxim"]
[Black "Karjakin, Sergey"]
[Result "1/2-1/2"]
[WhiteTitle "GM"]
[BlackTitle "GM"]
[WhiteElo "2718"]
[BlackElo "2753"]
[WhiteFideId "4168003"]
[BlackFideId "14109603"]
[EventDate "2018.01.13"]

1. Nf3 d5 2. g3 c6 3. Bg2 Nf6 4. O-O Bg4 5. h3 Bh5 6. d4 e6 7. c4 Be7 8. Nc3 O-O
9. Ne5 Nbd7 10. g4 Bg6 11. Nxg6 hxg6 12. Qd3 Ne8 13. cxd5 exd5 14. Rb1 a5 15. a3
Nd6 16. b4 axb4 1/2-1/2

[Event "80th Tata Steel GpA"]
[Site "Wijk aan Zee NED"]
[Date "2018.01.17"]
[Round "5.6"]
[White "Svidler, Peter"]
[Black "Hou, Yifan"]
[Result "1-0"]
[WhiteTitle "GM"]
[BlackTitle "GM"]
[WhiteElo "2768"]
[BlackElo "2680"]
[WhiteFideId "4102142"]
[BlackFideId "8602980"]
[EventDate "2018.01.13"]

1. c4 e6 2. Nc3 d5 3. d4 Bb4 4. Nf3 Nf6 5. cxd5 exd5 6. Bf4 O-O 7. Rc1 c6 8. e3
Bd6 9. Bxd6 Qxd6 10. Qc2 Re8 11. Bd3 Nbd7 12. O-O Nf8 13. h3 g6 14. Ne5 Nh5 15.
Rfe1 Re7 16. Qa4 Nd7 17. Nf3 Ndf6 18. b4 a6 19. b5 cxb5 20. Nxb5 Bd7 21. Nxd6
Bxa4 22. Rb1 b5 23. Ne5 Nd7 24. Rec1 Nxe5 25. dxe5 Rxe5 26. Rc7 Rf8 27. Rc6 Ra8
28. Rc7 Rf8 29. Rc6 Ra8 30. Rbc1 d4 31. g4 Nf6 32. e4 Re6 33. f4 b4 34. Rc8+
Rxc8 35. Rxc8+ Kg7 36. e5 Nd5 37. Bc4 Nxf4 38. Rc7 d3 39. Rxf7+ Kh6 40. Rxf4 d2
41. Rd4 1-0

[Event "80th Tata Steel GpA"]
[Site "Wijk aan Zee NED"]
[Date "2018.01.23"]
[Round "9.7"]
[White "Caruana, Fabiano"]
[Black "Adhiban, Baskaran"]
[Result "1/2-1/2"]
[WhiteTitle "GM"]
[BlackTitle "GM"]
[WhiteElo "2811"]
[BlackElo "2655"]
[WhiteFideId "2020009"]
[BlackFideId "5018471"]
[EventDate "2018.01.13"]

1. c4 Nf6 2. Nc3 g6 3. e4 d6 4. d4 Bg7 5. h3 Na6 6. Be3 O-O 7. g4 c5 8. Nge2 b6
9. e5 Ne8 10. Bg2 Rb8 11. O-O Bb7 12. Bxb7 Rxb7 13. Qa4 Nec7 14. exd6 exd6 15.
Rad1 Qh4 16. Kg2 f5 17. f3 Qe7 18. Bf2 Qe8 19. Qxe8 Nxe8 20. g5 Nec7 21. Bg3 Ne6
22. d5 Nxg5 23. Bxd6 Rd8 24. Bg3 Nf7 25. Nf4 Bxc3 26. bxc3 Nd6 27. Ne6 Rdd7 28.
Bxd6 Rxd6 29. Rfe1 Nc7 30. Nf4 Kf8 31. a4 a6 32. Nd3 Rb8 33. Re5 b5 34. Nxc5
bxc4 35. Rd4 Kf7 36. Kg3 Rb1 37. Rxc4 Rxd5 38. Rxd5 Nxd5 39. Nxa6 Rc1 40. a5
Nxc3 41. Kh4 h6 42. Nc5 g5+ 43. Kh5 Rh1 44. Kxh6 Rxh3+ 45. Kxg5 Rxf3 46. a6 Ne4+
47. Nxe4 fxe4 48. Ra4 Rg3+ 49. Kf5 Rg8 50. Rxe4 Rh8 51. Re6 Rh5+ 52. Kg4 Ra5 53.
Rh6 Kg7 54. Rb6 Kf7 55. Kf4 Ke7 56. Rh6 Kd7 57. a7 Kc7 58. Rh8 Rxa7 59. Rh7+ Kb6
60. Rxa7 Kxa7 1/2-1/2

[Event "80th Tata Steel GpA"]
[Site "Wijk aan Zee NED"]
[Date "2018.01.24"]
[Round "10.2"]
[White "Giri, Anish"]
[Black "Karjakin, Sergey"]
[Result "1/2-1/2"]
[WhiteTitle "GM"]
[BlackTitle "GM"]
[WhiteElo "2752"]
[BlackElo "2753"]
[WhiteFideId "24116068"]
[BlackFideId "14109603"]
[EventDate "2018.01.13"]

1. d4 Nf6 2. c4 e6 3. g3 Bb4+ 4. Nd2 c5 5. a3 Bxd2+ 6. Qxd2 cxd4 7. Nf3 d5 8.
Bg2 dxc4 9. Qxd4 Qxd4 10. Nxd4 O-O 11. Be3 Nd5 12. Rc1 c3 13. b3 Nxe3 14. fxe3
Nd7 15. Rxc3 Rd8 16. O-O Nf6 17. Rc7 Rb8 18. Nb5 a5 19. Na7 Bd7 20. Rd1 b6 21.
Bc6 Bxc6 22. Rxd8+ Rxd8 23. Nxc6 Rd1+ 24. Kg2 h5 25. Ne5 Ng4 26. Nxg4 1/2-1/2

[Event "80th Tata Steel GpA"]
[Site "Wijk aan Zee NED"]
[Date "2018.01.24"]
[Round "10.7"]
[White "Hou, Yifan"]
[Black "Adhiban, Baskaran"]
[Result "1/2-1/2"]
[WhiteTitle "GM"]
[BlackTitle "GM"]
[WhiteElo "2680"]
[BlackElo "2655"]
[WhiteFideId "8602980"]
[BlackFideId "5018471"]
[EventDate "2018.01.13"]

1. d4 Nf6 2. Nf3 d6 3. g3 g6 4. Bg2 Bg7 5. O-O O-O 6. Re1 Nbd7 7. e4 e5 8. Nc3
c6 9. a4 Re8 10. h3 Qc7 11. Be3 b6 12. Qd2 Bb7 13. Rad1 Rad8 14. Bg5 a6 15. h4
b5 16. axb5 axb5 17. b3 Qb8 18. dxe5 dxe5 19. Bh3 Nf8 20. Qe3 Rxd1 21. Rxd1 Bc8
22. Bxc8 Rxc8 23. Bxf6 Bxf6 24. Na2 Ne6 25. Nb4 Be7 26. Nd3 f6 27. h5 g5 28. b4
Rd8 29. Ra1 Rd7 30. Nh2 Nd4 31. Ra2 Ra7 32. Rb2 Ra3 33. Qd2 Qa8 34. c3 Ne6 35.
Ne1 Ra1 36. Kf1 c5 37. f3 cxb4 38. cxb4 Nd4 39. Kg2 Qa3 40. Nd3 Qa4 41. Nc1 Qa3
42. Ne2 Bxb4 43. Qxb4 Qxb4 44. Rxb4 Ra2 45. Ng4 Kg7 46. Kf1 Nxe2 47. Rxb5 Nxg3+
48. Kg1 Ne2+ 49. Kf1 Ng3+ 50. Kg1 Nxh5 51. Rb7+ Kg6 52. Rb6 Kg7 53. Rb7+ Kg6 54.
Rb6 Ra5 55. Kf2 Kg7 56. Rb7+ Kg6 57. Rb6 Rc5 58. Ra6 Kg7 59. Ra7+ Kg6 60. Ra6
Rc2+ 61. Kg1 Kg7 62. Ra7+ Kg6 63. Ra6 Rc7 64. Nxe5+ Kg7 65. Ng4 Rf7 66. Ne3 Nf4
67. Nf5+ Kg6 68. Ra8 h5 69. Rg8+ Kh7 70. Rd8 h4 71. Rd6 Kg6 72. Ne3 Re7 73. Kf2
Nh3+ 74. Kf1 Nf4 75. Kf2 Re6 76. Rd7 Ra6 77. Nf5 Ra2+ 78. Kg1 Ne2+ 79. Kh1 Ng3+
80. Nxg3 hxg3 81. Rd6 Kf7 82. Rd5 Re2 83. Kg1 Kg7 84. Rf5 Kg6 85. Kf1 Ra2 86.
Kg1 Rf2 87. Kh1 Re2 88. Kg1 Kf7 89. f4 gxf4 90. Rxf4 Ke6 91. Rg4 Re3 92. Rf4 Ke5
93. Rf5+ Ke6 94. Rf4 Re2 95. Rg4 Ke5 96. Rxg3 Kxe4 97. Ra3 f5 98. Kf1 Re3 99.
Ra5 Rb3 100. Kf2 Rb2+ 101. Kf1 f4 102. Ra3 Rc2 1/2-1/2

[Event "80th Tata Steel GpA"]
[Site "Wijk aan Zee NED"]
[Date "2018.01.27"]
[Round "12.6"]
[White "Svidler, Peter"]
[Black "Karjakin, Sergey"]
[Result "1/2-1/2"]
[WhiteTitle "GM"]
[BlackTitle "GM"]
[WhiteElo "2768"]
[BlackElo "2753"]
[WhiteFideId "4102142"]
[BlackFideId "14109603"]
[EventDate "2018.01.13"]

1. Nf3 d5 2. g3 c6 3. Bg2 Nf6 4. O-O Bg4 5. h3 Bh5 6. d4 e6 7. c4 Nbd7 8. cxd5
exd5 9. Ne5 Ne4 10. Nd2 Nxd2 11. Bxd2 Nxe5 12. dxe5 Bc5 13. Kh2 O-O 14. Rc1 Qe7
15. g4 Bg6 16. f4 f5 17. Qb3 Rad8 18. gxf5 Bxf5 19. Rxc5 Qxc5 20. e4 Bg6 21. Bb4
Qc4 22. f5 Bh5 23. Bxf8 Qxb3 24. axb3 Kxf8 25. exd5 cxd5 26. Kg3 d4 27. Bf3 Bxf3
28. Kxf3 d3 29. Rd1 d2 30. Ke3 Rd5 31. Ke4 Rd8 32. Ke3 1/2-1/2